Normal view
MARC view
- Selmes, Caroline
Entry Personal Name
001 - CONTROL NUMBER
- control field: 86649
003 - CONTROL NUMBER IDENTIFIER
- control field: OSt
005 - DATE AND TIME OF LATEST TRANSACTION
- control field: 20250903123454.0
008 - FIXED-LENGTH DATA ELEMENTS
- fixed length control field: 250903|| aca||aabn | a|a d
040 ## - CATALOGING SOURCE
- Original cataloging agency: OSt
- Transcribing agency: OSt
100 ## - HEADING--PERSONAL NAME
- Personal name: Selmes, Caroline
670 ## - SOURCE DATA FOUND
- Source citation: Work cat.: (OSt)49489: Turner, Tracey, author. 57014, The curious book of lists /, October 15, 2019.